000 00648nam a2200241 a 4500
999 _c6582
_d6582
001 6582
003 BD-JhCC
005 20180127105906.0
008 180125s2014 bg a|||| |||| 000 0 eng d
020 _a9848272976
035 _a(BD-JhCC)6582
040 _aBD-JhCC
_dBD-JhCC
041 _aeng
082 _a004
_bMAH 2014
100 _aMahmud, Tarek Hasan-Al
245 _aInformation and Communication Technology :
_bfor class 11-12 /
_cTarek Hasan-Al-Mahmud,
250 _a2nd Edi.
260 _aDhaka :
_bMullick Brothers,
_c2014
300 _a308 p. :
_billus.,
_c23 cm.
650 _aComputer Science
942 _2ddc
_cBK